Movies by Emoji II Quiz Stats

 Plays Quiz Updated Jun 7, 2016

Also try: Movies by Emoji
Challenge
Share
Tweet
Score 0/20 Timer 06:00
14 Plays Today
% Correct
Finding Nemo
94.5%
Antz
91.9%
Up
89.6%
Bee Movie
89.4%
Planet of the Apes
88.8%
Chicken Run
88.3%
Frozen
84.6%
Cinderella
83%
Charlie and the Chocolate Factory
80.6%
Thor
77.6%
% Correct
Psycho
74.9%
Four Weddings and a Funeral
70.6%
Flipper
67.6%
Pearl Harbor
67.3%
Million Dollar Baby
62.3%
The Social Network
61.6%
Little Miss Sunshine
53.2%
Milk
51.4%
Borat
28%
The NeverEnding Story
18.4%

You're not logged in!

Compare scores with friends on all Sporcle quizzes.
OR
Log In

You Might Also Like...

Show Comments

Extras

Top Quizzes Today


Score Distribution

Your Account Isn't Verified!

In order to create a playlist on Sporcle, you need to verify the email address you used during registration. Go to your Sporcle Settings to finish the process.

Report this User

Report this user for behavior that violates our Community Guidelines.

Details: